Geography in the early years

Αποθηκεύτηκε σε:
Λεπτομέρειες βιβλιογραφικής εγγραφής
Κύριος συγγραφέας: Palmer, Joy
Μορφή: Βιβλίο
Γλώσσα:English
Δημοσίευση: London : Routledge, 1994
Σειρά:Teaching and learning in the first three years of school
Θέματα:
Ετικέτες: Προσθήκη ετικέτας
Δεν υπάρχουν, Καταχωρήστε ετικέτα πρώτοι!

MARC

LEADER 00000nam a2200000 i 4500
001 1/93443
008 991119s1994 eng d
020 |a 0-415-09830-0 
035 |l 10054411 
040 |a GR-MY-UA  |b gre  |e aacr 
041 0 |a eng 
082 0 |a 372.891 
100 1 |a Palmer, Joy. 
245 1 0 |a Geography in the early years /  |c Joy Palmer 
260 |a London :   |b Routledge,   |c 1994 
300 |a 186 p. 
490 1 |a Teaching and learning in the first three years of school 
650 0 0 |a Geography  |x Study and teaching (Elementary) 
830 0 |a Teaching and learning in the first three years of school 
852 |a INST  |b RHODES  |e 19991119  |h 372.891 PAL  |p 005400012792  |q 005400012792  |t BK  |y 0 
901 |a BIBL4-1999-3 
909 |a Ρ  |b 070080 
922 |a 4ΕΛΗ  |b 199910  |c ΚΠΣ/154  |d GLORY BOOKS 
970 |a ΚΟΥΛΑΚΙΟΤΗ  |b ΛΙΤΣΑ  |z 1999/11/19